10 Biggest Cities in Mongolia - Statistics

General Stats
  • This quiz has been taken 41 times
  • The average score is 3 of 10
Answer Stats
Population Subdivision City % Correct
1,144,954 Ulaanbaatar Ulaanbaatar
100%
83,379 Orhon Erdenet
61%
74,738 Darhan Uul Darkhan
45%
35,789 Bayanhongor Mörön
32%
38,537 Hövsgöl Choibalsan
19%
29,012 Bayan-Ölgiy Khovd
13%
29,392 Övörhangay Ölgii
6%
30,049 Uvs Nalaikh
3%
27,162 Övörhangay Arvaikheer
0%
29,817 Hovd Bayankhongor
0%
No matching quizzes found
Score Distribution
Percent of People with Each Score
Percentile by Number Answered
Your Score History
You have not taken this quiz